000 00454nam a22001457a 4500
027 _qHard Cover.
040 _cSINES-NUST.
082 _a570.2
_bGUL
100 _aRabia Gulzar.
_997838
245 _aCombined Ligand and Structure based studies to Modulate L-type Amino Acid Transporter 1 in Cancer.
_cGulzar, Rabia
260 _aIslamabad:
_bSINES-NUST,
_c2022.
300 _a105 p. :
_bill. ;
_c30cm.
650 _xMS-Bioinformatics.
942 _2ddc
_cTHE
999 _c591180
_d591180